Profile: Adam Quiz Stats

 Plays Quiz Updated Jun 25, 2019

Score 0/15 Timer 04:00
0 Plays Today
Question Answer % Correct
WifeEve
99.7%
Lived in this gardenEden
95.7%
Was created on this day (number)Sixth
93.9%
... because this animal had tricked his wife into eating itSerpent
93.1%
Second sonAbel
93%
Oldest sonCain
92.9%
Was made from this and shall return to thisDust
83.3%
Made his first clothes out of leaves from this treeFig
75%
Question Answer % Correct
Which, after he had been driven out of it, was guarded by these beings, to keep him from returningCherubim
67.9%
Ate fruit from this forbidden treeThe tree of the knowledge of good and evil
67.3%
Third sonSeth
61.2%
Apostle that blames him for making 'death spread to all men' and bringing 'condemnation for all men'Paul
60.8%
Occupation after leaving the garden of the LordFarmer
60.7%
Described as a counterimage to this 'last Adam'Jesus Christ
48.3%
Received clothes from God made of this materialSkin
25.1%

You're not logged in!

Compare scores with friends on all Sporcle quizzes.
OR
Log In

Sporcle TV

Today on Sporcle TV


Watch our educational content, quiz creation guides, and fun videos on Sporcle TV.

Show Comments

Extras

Top Quizzes Today


Score Distribution

Your Account Isn't Verified!

In order to create a playlist on Sporcle, you need to verify the email address you used during registration. Go to your Sporcle Settings to finish the process.

Report this User

Report this user for behavior that violates our Community Guidelines.

Details: